Uniform system of accounts for hotels : methods et applications de controle de gestion hoteliere d' Horwath and Horwath international

Αποθηκεύτηκε σε:
Λεπτομέρειες βιβλιογραφικής εγγραφής
Κύριος συγγραφέας: Ben Yelles, A.
Μορφή: Βιβλίο
Γλώσσα:French
Δημοσίευση: Paris : Centre d' etudes du Tourisme, 1975
Σειρά:Cahiers du tourisme. Serie C ; ; 30
Θέματα:
Ετικέτες: Προσθήκη ετικέτας
Δεν υπάρχουν, Καταχωρήστε ετικέτα πρώτοι!

MARC

LEADER 00000nam a2200000 i 4500
001 1/67680
008 960619s1975 fre d
035 |l 10030055 
040 |a GR-MY-UA  |b gre  |e aacr 
041 0 |a fre 
082 0 |a 338.4791 
100 1 |a Ben Yelles, A. 
245 1 0 |a Uniform system of accounts for hotels :  |b methods et applications de controle de gestion hoteliere d' Horwath and Horwath international /  |c A. Ben Yelles 
260 |a Paris :   |b Centre d' etudes du Tourisme,   |c 1975 
490 1 |a Cahiers du tourisme. Serie C  |v ; 30 
650 0 0 |a Tourism. 
830 0 |a Cahiers du tourisme. Serie C ;  |v ; 30 
852 |a INST  |b CHIOS  |e 19960619  |h 338.4791 BEN  |p 005200007725  |q 005200007725  |t BK  |y 0 
909 |a Χ  |b 032541